000 00711nam a2200217 a 4500
001 000020776
005 20240412074249.0
008 100817s2015 dr 000 p eng d
020 _a9789945588507
040 _aDO-SdBNP
_bspa
_cBNPHU
082 _aRD861.5
_bR173p
100 1 _aRamírez, Reina Lissette,
_d1983-
_926593
245 1 0 _aPaisaje expreso y otros poemas /
_cReina Lissette Ramírez.
260 _aSanto Domingo :
_bRumbo Norte,
_c2015.
300 _a43 p. ;
_c23 p.
500 _aIncluye datos biográficos del autor en las solapas
590 _aInventariado, 2019 / DG
650 0 _aPoesía dominicana
_966
650 0 _aLiteratura dominicana.
_967
910 _aValidado. Control de calidad MFF
999 _c20280
_d20280